=LDR 00000nam 2200000 4500 =001 INLIS000000000051097 =005 20230116083731 =035 ##$$a 0010-0817000280 =007 ta =008 230116################g##########0#ind## =020 ##$$a 978-602-0862-07-1 =082 ##$$a 081 =084 ##$$a 081 WIL i =100 #$$a Wilda Ayu Mandasari Baskoro =245 1#$$a I love you : $b Ungkapan - ungkapan terdahsyat tentang cinta dan persahabatan /$c Wilda Ayu Mandasari Baskoro =260 ##$$a Yogyakarta :$b Istana Media,$c 2016 =300 ##$$a vii, 416 hlm. : $b ilus. ; $c 19 x 13 cm =650 #4$$a Cinta =504 ##$$a Bibliografi : hlm, 415 =250 ##$$a Cet.1 =990 ##$$a 21702875 =990 ##$$a 21702874 =990 ##$$a 21702873 =990 ##$$a 21702872 =990 ##$$a 21702871 =990 ##$$a 31700943 =990 ##$$a 31700944 =990 ##$$a 21702875 =990 ##$$a 21702874 =990 ##$$a 21702873 =990 ##$$a 21702872 =990 ##$$a 21702871 =990 ##$$a 31700943 =990 ##$$a 31700944